Score 0/24 Timer 03:00
4 Plays Today
Clue 5-Letter Word % Correct
Timer worn on the wristWATCH
97.3%
'There's no _____ like home'PLACE
96.8%
SorceressWITCH
95.9%
'Game, set, _____'MATCH
95.8%
★ Language of the Netherlands ★★ DUTCH ★
93.6%
Get rid ofDITCH
89.5%
Pizza partCRUST
87.9%
Fruit with a pitPEACH
87%
_____ MadnessMARCH
86.6%
Toothpaste brandCREST
84.3%
Teen loveCRUSH
83.3%
Telephone wire, for a birdPERCH
83.1%
Clue 5-Letter Word % Correct
A two-dimensional surfacePLANE
82.4%
BlueprintsPLANS
81.4%
What a V may indicatePEACE
80.7%
Dry outPARCH
79.9%
Type of course or landingCRASH
79.1%
First or economy, e.g.CLASS
79.1%
British punk group, The _____CLASH
78.3%
Family groupsCLANS
77.1%
Game of strategyCHESS
72.9%
Tangy salad vegetableCRESS
70.1%
MunchesCHEWS
64.8%
★ Language of Malawi ★★ CHEWA ★
20.3%

Today's Daily Dose

Missing Word
'T' Pairs

Word Ladder
Game Pieces

Get the Picture
Baseball Movies

Remove Ads.
Support Sporcle.
Get the best of Sporcle when you Go Orange. This ad-free experience offers more features, more stats, and more fun while also helping to support Sporcle. Thank you for becoming a member.

You're not logged in!

Compare scores with friends on all Sporcle quizzes.
OR
Log In

Show Comments

Extras

Top Quizzes Today


Score Distribution

Your Account Isn't Verified!

In order to create a playlist on Sporcle, you need to verify the email address you used during registration. Go to your Sporcle Settings to finish the process.

Report this User

Report this user for behavior that violates our Community Guidelines.

Details: